书目信息 |
| 题名: |
中国票据管理
|
|
| 作者: | 高程德 主编 | |
| 分册: | ||
| 出版信息: | 北京 企业管理出版社 1995 |
|
| 页数: | 477页 | |
| 开本: | 20cm | |
| 丛书名: | ||
| 单 册: | ||
| 中图分类: | D922.294.4 | |
| 科图分类: | ||
| 主题词: | 票据法--基本知识--中国 | |
| 电子资源: | ||
| ISBN: | 7-80001-574-2 | |
| 000 | 00647nam0 2200229 450 | |
| 001 | 0100527601 | |
| 005 | 20100706102210.0 | |
| 010 | @a7-80001-574-2@dCNY18.00 | |
| 011 | @a7-80001-574-2 | |
| 100 | @a20021005d1995 em y0chiy0110 ea | |
| 101 | 0 | @achi |
| 102 | @aCN@b110000 | |
| 105 | @ay zn 000yy | |
| 106 | @ar | |
| 200 | 1 | @a中国票据管理@9Zhong Guo Piao Ju Guan Li @f高程德主编@b专著 |
| 210 | @a北京@c企业管理出版社@d1995 | |
| 215 | @a477页@d20cm | |
| 606 | 0 | @a票据法@x基本知识@y中国 |
| 690 | @aD922.294.4@v3 | |
| 701 | 0 | @a高程德@f(1929~2015)@9gao cheng de@4主编 |
| 801 | 0 | @aCN@bAiZhiMarc@c19950709 |
| 905 | @aBZT@dD92@e55@f1@sD92/55 | |
| 中国票据管理/高程德主编.-北京:企业管理出版社,1995 |
| 477页;20cm |
| ISBN 7-80001-574-2:CNY18.00 |
| ● |
| 相关链接 |
|
|
|
正题名:中国票据管理
索取号:D92/55
 
预约/预借
| 序号 | 登录号 | 条形码 | 馆藏地/架位号 | 状态 | 备注 |
| 1 | 2000100828 | 2000100828 | 旧书回溯/ [索取号:D92/55] | 在馆 |